00470nam a2200193 a 4500001001300000003000900013005001700022008004100039020001000080082001300090100001800103245004600121260002500167300000800192500003500200505001000235650001300245700001800258nice12345678IN_TiNIC20260116011630.0050524s1971 lona grp 000 0 eng  ac10000a266bKEN aKenya, Limuru aTime Is Nowb 23rd Feb to 5th March 1971. aLondon bSPCK c1971 a70p aincludes index and biblioraphy2 aIndex aMissions1 aKenya, Limuru